| 000 | 00365nam a2200145Ia 4500 | ||
|---|---|---|---|
| 005 | 20251222141957.0 | ||
| 008 | 251222s9999||||xx |||||||||||||| ||spa|| | ||
| 020 | _a9786075263021 | ||
| 082 | _a658.24/L92/2017 | ||
| 100 | _aLouffat, Enrique | ||
| 245 | 0 | _aDiseƱo Organizacional Basado en Procesos | |
| 250 | _a1ra.ed. | ||
| 264 | _bCENGAGE Learning | ||
| 942 | _cLIB | ||
| 999 |
_c9890 _d9890 |
||